00878nam a22002055i 4500001000700000003000900007005001700016008004100033040002500074100003700099245008700136250002800223260009400251300002900345596005600374597002100430852007800451999001900529952012400548167302ES-MaACL20250818063111.0981002q18701925sp a |||| | spa d aGA bspa cCCPB | 3D1 aVerne, Jules,d1828-1905918865410aMartín Paz / cobra escrita en francés por Julio Verne ; versión española. aEd. ilustrada con grab. aMadrid : bSáenz de Jubera, Hermanos, c[s.a.] (fEstab. tip. Sucesores de Rivadeneyra) a28 p. : bil. ; c28 cm. 1aSáenz de Jubera, Hermanos, ejercen ca. 1870-1925. 1aTexto a dos col. aES-MaACLjB-12390(3) z-- Enc. ed. en tela roja con planchas polícromas c167302d167302 00104070aATENEOMbATENEOMcSPBd2008-01-17eSSCl0oB-12390(3)p1175501r2023-02-23 00:00:00w2023-02-23yMONOGRAFIA